00375nam a2200145Ia 4500008004100000020001500041041000800056082001900064100002200083245005400105250000600159260004300165300001200208650000900220210716s2004 xx 000 0 und d a8126504773 aeng a005.26301 DESM aDesmond, Michael. aMicrosoft office 2003 in 10 simple steps or less. a1 aNew DelhibWiley Publishing Inc.c2004 axix,618 aNone